000 00779cam a22002891i 4500
001 3320
003 BD-RjUL
005 20211208233718.0
008 131218t1955 enk 001 0 eng
035 _a(OCoLC)3135667
035 _a(OCoLC)ocm03135667
035 _a(BD-RjUL)3354
035 _a(NNC)2459213
040 _dUPvMRC
_dBD-RjUL
_aBD-RjUL
_beng
_cBD-RjUL
041 _aeng
082 0 4 _a338.018
_216
_bFOE 1955
090 _aHD82
_b.F68
100 1 _aFogarty, Michael Patrick.
_99572
245 1 0 _aEconomic control /
_cMichael P. Fogarty.
260 _aLondon :
_bRoutledge & Paul,
_c1955.
300 _a324 p. ;
_c23 cm.
504 _aIncludes index.
650 0 _aEconomic policy.
_910450
942 _2ddc
_cBK
999 _c3320
_d3320